Normal view
MARC view
- Resampling (Statistics)
Entry Topical Term
001 - CONTROL NUMBER
- control field: 82557
003 - CONTROL NUMBER IDENTIFIER
- control field: NUST
005 - DATE AND TIME OF LATEST TRANSACTION
- control field: 20210921105016.0
008 - FIXED-LENGTH DATA ELEMENTS
- fixed length control field: 210921|| aca||aabn | a|a d
040 ## - CATALOGING SOURCE
- Original cataloging agency: NUST
- Transcribing agency: NUST
150 ## - HEADING--TOPICAL TERM
- Topical term or geographic name entry element: Resampling (Statistics)
670 ## - SOURCE DATA FOUND
- Source citation: Work cat.: (NUST)32803: Good, Phillip I. 82556, A practitioner's guide to resampling for data analysis, data mining, and modeling /, c2012.
